[Event "SVR op"]
[Site "Nickenich"]
[Date "2015.04.02"]
[Round "5"]
[White "Berresheim, Holger"]
[Black "Smakic, Elsin"]
[Result "1-0"]
[WhiteElo "1546"]
[BlackElo "810"]
[PlyCount "93"]
[EventDate "2015.03.28"]
[EventType "swiss"]
[EventRounds "7"]
[EventCountry "GER"]
[SourceTitle "EXT 2016"]
[Source "ChessBase"]
[SourceDate "2015.10.08"]
[SourceVersion "1"]
[SourceVersionDate "2015.10.08"]
[SourceQuality "1"]

1. e4 e5 2. Bc4 Nf6 3. d3 Nc6 4. Nc3 Bb4 5. Bd2 Bxc3 6. Bxc3 d5 7. exd5 Nxd5 8. Bxd5 Qxd5 9. Qf3 Qd6 10. Ne2 0-0 11. 0-0 Nd4 12. Nxd4 exd4 13. Bd2 Bd7 14. Rfe1 Bc6 15. Qg4 a6 16. a3 b5 17. Bb4 Qd5 18. Bxf8 Rxf8 19. Qe4 Qc5 20. Qe2 Qg5 21. f3 Bd7 22. Qe5 Qd8 23. Qf4 c5 24. Qd6 Qc8 25. Re7 Re8 26. Qxd7 Qxd7 27. Rxd7 Rc8 28. Re1 g6 29. Ree7 Rf8 30. Rc7 a5 31. Rxc5 b4 32. Rce5 bxa3 33. bxa3 a4 34. Re8 Rxe8 35. Rxe8+ Kg7 36. Re4 h5 37. Rxd4 g5 38. c4 f6 39. c5 Kf7 40. c6 Ke6 41. c7 Ke5 42. Rxa4 Kf5 43. c8Q+ Kg6 44. Ra5 h4 45. Qf5+ Kg7 46. Ra7+ Kf8 47. Qc8# 1-0